Pays dont la capitale commence par T - Statistiques

Statistiques générales
  • Ce quiz a été pris 109 fois
  • Le résultat moyen est 8 sur 11
Answers on the Grid
Answers color-coded by a green-red scale on the quiz's grid according to % correct below.
Ouzbékistan
Taïwan
Estonie
Kiribati
Géorgie
Honduras
Iran
Bhoutan
Japon
Libye
Tunisie
Tadjikistan
Grèce
Canada
Israël
Liban
Ghana
Turkménistan
 
Statistiques - réponses
Réponse % Correct
Tokyo Japon
89%
Tunis Tunisie
86%
Téhéran Iran
82%
Taipei Taïwan
81%
Tallinn Estonie
74%
Tripoli Libye
74%
Tbilissi Géorgie
70%
Tegucigalpa Honduras
57%
Thimphou Bhoutan
55%
Tachkent Ouzbékistan
54%
Tarawa Kiribati
42%
Aucun quiz correspondant
Distribution des résultats
% des personnes avec chaque résultat
Percentile par nombre de réponses
Votre historique - résultats
Vous n’avez pas pris ce quiz